00244nam a2200097 4500082001200000100002200012245006200034260002300096300000700119490002000126 a546 TAN aTantrigoda,Ramani aInorganic chemistry part ii solids and their structures  aNawalabOUSLc1997 a67 aLevel 4 CHU2123